Doce cuentos sobre niños y juguetes mexicanos (Record no. 9589)

MARC details
000 -CABECERA
campo de control de longitud fija 00742nam a2200241 a 4500
001 - NÚMERO DE CONTROL
campo de control BRL_777
005 - FECHA Y HORA DE LA ÚLTIMA TRANSACCIÓN
campo de control 20190320210906.0
008 - DATOS DE LONGITUD FIJA--INFORMACIÓN GENERAL
campo de control de longitud fija 071013s1949----mx-a######---#000-0#spa-#
041 ## - CÓDIGO DE LENGUA
Código de lengua del texto/banda sonora o título independiente spa
044 ## - CÓDIGO DEL PAÍS DE LA ENTIDAD EDITORA/PRODUCTORA
Código MARC del país mx
050 #4 - SIGNATURA TOPOGRÁFICA DE LA BIBLIOTECA DEL CONGRESO
Número de clasificación PQ7235
Número de documento/Ítem .V35 1949
100 1# - ENTRADA PRINCIPAL--NOMBRE DE PERSONA
Nombre de persona Valdiosera, Ramón
9 (RLIN) 24910
245 10 - MENCIÓN DE TÍTULO
Título Doce cuentos sobre niños y juguetes mexicanos
Mención de responsabilidad, etc. por Valdiosera ; texto por Hector Ventura Castro ; traducción por Ruth Poyo.
260 ## - PUBLICACIÓN, DISTRIBUCIÓN, ETC.
Lugar de publicación, distribución, etc. Mexico, D.F.
Nombre del editor, distribuidor, etc. Fischgrund
Fecha de publicación, distribución, etc. 1949
300 ## - DESCRIPCIÓN FÍSICA
Extensión 20 p.
Otras características físicas il., 12 láminas
Dimensiones 21 cm.
500 ## - NOTA GENERAL
Nota general Au895
650 14 - PUNTO DE ACCESO ADICIONAL DE MATERIA--TÉRMINO DE MATERIA
Término de materia o nombre geográfico como elemento de entrada Cuentos mexicanos
9 (RLIN) 24911
700 1# - PUNTO DE ACCESO ADICIONAL--NOMBRE DE PERSONA
Nombre de persona Ventura Castro, Hector
9 (RLIN) 24912
700 1# - PUNTO DE ACCESO ADICIONAL--NOMBRE DE PERSONA
Nombre de persona Poyo, Ruth
Término indicativo de función/relación tr.
9 (RLIN) 24913
740 0# - PUNTO DE ACCESO ADICIONAL--TÍTULO RELACIONADO O ANALÍTICO NO CONTROLADO
Título relacionado o analítico no controlado Niños y juguetes mexicanos
902 ## - CATALOGADOR
Iniciales GRL
942 ## - ELEMENTOS DE PUNTO DE ACCESO ADICIONAL (KOHA)
Fuente del sistema de clasificación o colocación Library of Congress Classification
Tipo de ítem Koha Libros
Holdings
Estado de retiro Estado de pérdida Estado dañado No para préstamo Localización permanente Ubicación/localización actual Fecha de adquisición Número de inventario Total de préstamos Signatura topográfica completa Código de barras Fecha visto por última vez Precio válido a partir de Tipo de ítem Koha
El ejemplar forma parte de la colección y puede ser consultado según las políticas vigentes.       Biblioteca Centro de Estudios Ruth D. Lechuga Biblioteca Centro de Estudios Ruth D. Lechuga 07/10/2013 Au895   PQ7235 .V35 1949 (Au895) GRL00846 22/03/2019 22/03/2019 Libros